00795nam a2200265 a 45000010008000000030004000080050017000120080041000290100017000700200015000870400013001020430012001150500027001270820025001541000020001792450086001992600050002853000034003355040051003695210013004205410006004335620006004396500050004457000034004951073394OSt20140310181915.0910215s1992 iaua b 001 0 eng  a 91070905  a0697111571 aDLCcDLC an-us---00aLB 1587.A3b.M647 199200aTR 372.3 bM613 19921 aMiller, Dean F.10aHealth education in the elementary school /cDean F. Miller, Susan K. Telljohann. aDubuque, IA :bW.C. Brown Publishers,cc1992. axvi, 377 p. :bill. ;c24 cm. aIncludes bibliographical references and index. aFaculty. j1 e1 0aHealth education (Elementary)zUnited States.1 aTelljohann, Susan Kay,d1958-